| 000 | 00453cam a22001451 4500 | ||
|---|---|---|---|
| 082 |
_a355.009241 _bCAR _cD |
||
| 100 | 1 |
_aCromwell, Oliver, _949271 |
|
| 245 | 0 | 0 |
_aOliver Cromwell's letter and speeches: _cwith elucidations. By Thomas Carlyle. |
| 260 |
_aLondon, _bChapman & Hall, limited _c[1876?] |
||
| 300 |
_a5 v. _c18 cm. |
||
| 526 |
_a0 _b0 _c0 _d355_009241000000000_CAR |
||
| 650 |
_aMCE _9379 |
||
| 700 | 1 |
_aCarlyle, Thomas, _949272 |
|
| 942 |
_2ddc _cBK |
||
| 999 |
_c552067 _d552067 |
||